Statistiken für Schwedische Großstädte

Klicken Sie hier um das Quiz zu spielen!

Allgemein

  • Dieses Quiz wurde 50 mal gespielt
  • Das Durchschnittsergebnis liegt bei 5 aus 9

Antwortstatistiken

EinwohnerzahlStadt% Korrekt
1.767.108Stockholm
100%
325.069Malmö
96%
655.429Göteborg
78%
168.760Uppsala
59%
113.828Helsingborg
41%
119.016Linköping
33%
101.440Jönköping
29%
126.604Örebro
12%
128.660Västerås
12%

Verteilung der Resultate

Perzentil nach korrekt beantworteten Fragen

Anzahl Personen mit jedem Resultat

Ihre Resultats-Entwicklung

Sie haben dieses Quiz noch nicht gespielt